Educación ambiental (Record no. 195432)
[ view plain ]
| 000 -LEADER | |
|---|---|
| campo de control de longitud fija | 01538nmm a2200385 i 4500 |
| 001 - NÚMERO DE CONTROL | |
| campo de control | 195432 |
| 003 - IDENTIFICADOR DE NÚMERO DE CONTROL | |
| campo de control | SpMaBN |
| 005 - FECHA Y HORA DE LA ÚLTIMA TRANSACCIÓN | |
| campo de control | 20250828001649.0 |
| 007 - CAMPO FIJO DE DESCRIPCIÓN FÍSICA--INFORMACIÓN GENERAL | |
| campo de control de longitud fija | co*cga|||||||| |
| 008 - DATOS DE LONGITUD FIJA--INFORMACIÓN GENERAL | |
| campo de control de longitud fija | 240612s2009 sp q m spa |
| 017 ## - NÚMERO DE COPYRIGHT O DE DEPÓSITO LEGAL | |
| Número de copyright o de depósito legal | M 3262-2009 |
| Agencia que asigna | Oficina Depósito Legal Madrid |
| 022 ## - NÚMERO INTERNACIONAL NORMALIZADO PARA PUBLICACIONES SERIADAS | |
| Número Internacional Normalizado para Publicaciones Seriadas | 0210-0630 |
| 035 ## - NÚMERO DE CONTROL DEL SISTEMA | |
| Número de control de sistema | (OCoLC)890287671 |
| 035 ## - NÚMERO DE CONTROL DEL SISTEMA | |
| Número de control de sistema | a5521422 |
| 040 ## - FUENTE DE CATALOGACIÓN | |
| Centro catalogador/agencia de origen | SpMaBN |
| Lengua de catalogación | spa |
| Centro/agencia transcriptor | SpMaBN |
| Normas de descripción | rdc |
| Centro/agencia modificador | ES-MaACL |
| 080 ## - NÚMERO DE LA CLASIFICACIÓN DECIMAL UNIVERSAL | |
| Número de la Clasificación Decimal Universal | 504:37.03 |
| 100 1# - ENTRADA PRINCIPAL--NOMBRE DE PERSONA | |
| Nombre de persona | García Ferreiro, Teresa |
| Número de control del registro de autoridad o número normalizado | XX1037345 |
| 9 (RLIN) | 236952 |
| 245 10 - MENCIÓN DEL TÍTULO | |
| Título | Educación ambiental |
| Medio | [Recurso Electrónico] / |
| Mención de responsabilidad, etc. | Teresa García Ferreiro, Dalia Monge Suárez. |
| 260 ## - PUBLICACIÓN, DISTRIBUCIÓN, ETC. | |
| Lugar de publicación, distribución, etc. | [Madrid] : |
| Nombre del editor, distribuidor, etc. | Wolters Kluwer España, |
| Fecha de publicación, distribución, etc. | 2009. |
| 300 ## - DESCRIPCIÓN FÍSICA | |
| Extensión | 1 disco compacto (CD-ROM) : |
| Otras características físicas | son., col. ; |
| Dimensiones | 12 cm |
| 336 ## - TIPO DE CONTENIDO | |
| Término de tipo de contenido | Múltiples formas del contenido |
| Fuente | isbdcontent |
| 337 ## - TIPO DE MEDIO | |
| Nombre/término del tipo de medio | electrónico |
| Fuente | isbdmedia |
| 338 ## - TIPO DE SOPORTE | |
| Fuente | rdacarrier |
| Nombre/término del tipo de soporte | volumen |
| 490 1# - MENCIÓN DE SERIE | |
| Mención de serie | Cuadernos de Pedagogía |
| 500 ## - NOTA GENERAL | |
| Nota general | Distribuido con la revista Cuadernos de Pedagogía. |
| 538 ## - NOTA DE DETALLES DEL SISTEMA | |
| Nota de detalles del sistema | Requisitos del sistema: Windows 9x/NT; Internet Explorer 5.5 o superior; Procesador Pentium; memoria RAM 64 MB; resolución de pantalla 1024x768 a color verdadero |
| 594 ## - Nota al título y mención de responsabilidad | |
| Nota al título y mención de responsabilidad | Título tomado de la etiqueta |
| 650 #7 - PUNTO DE ACCESO ADICIONAL DE MATERIA--TÉRMINO DE MATERIA | |
| Término de materia o nombre geográfico como elemento de entrada | Educación ambiental |
| Fuente del encabezamiento o término | embne |
| 9 (RLIN) | 12086 |
| 700 1# - ENTRADA AGREGADA--NOMBRE PERSONAL | |
| Nombre de persona | Monge Suárez, Dalia |
| 9 (RLIN) | 236953 |
| 830 ## - PUNTO DE ACCESO ADICIONAL DE SERIE-TÍTULO UNIFORME | |
| 9 (RLIN) | 183997 |
| Título uniforme | Cuadernos de pedagogía (CD-ROM) |
| 852 ## - LOCALIZACIÓN | |
| Ubicación | ES-MaACL |
| Ubicación en estantería | Rotativo |
| Número de control de estantería | ROT 6/3/7 |
| itemnumber | 203455 |
| 942 ## - ELEMENTOS DE ENTRADA SECUNDARIOS (KOHA) | |
| Fuente del sistema de clasificación o colocación | Clasificación decimal universal |
| Tipo de ítem Koha | Archivo de ordenador en CD-ROM, CD o disquete |
| Suprimir en OPAC | No |
| Estatus retirado | Estado de pérdida | Fuente del sistema de clasificación o colocación | Estado de daño | No para préstamo | Biblioteca de origen | Biblioteca actual | Ubicación en estantería | Fecha de adquisición | Total de préstamos | Signatura topográfica completa | Código de barras | Visto por última vez | Precio de reemplazo | Tipo de ítem Koha |
|---|---|---|---|---|---|---|---|---|---|---|---|---|---|---|
| Clasificación decimal universal | Biblioteca del Ateneo de Madrid | Biblioteca del Ateneo de Madrid | Rotativo | 12/06/2024 | ROT 6/3/7 | 101228405 | 12/06/2024 | 12/06/2024 | Archivo de ordenador en CD-ROM, CD o disquete |
